Pharmacotherapy : A pathophysiologic approach

Guardat en:
Dades bibliogràfiques
Format: Llibre
Idioma:Undetermined
Publicat: New York McGraw-Hill 2005
Matèries:
Etiquetes: Afegir etiqueta
Sense etiquetes, Sigues el primer a etiquetar aquest registre!
Thư viện lưu trữ: Trung tâm Học liệu Trường Đại học Cần Thơ
LEADER 00541nam a2200193Ia 4500
001 CTU_100300
008 210402s9999 xx 000 0 und d
020 |c 1610000 
082 |a 615.5 
082 |b P536 
245 0 |a Pharmacotherapy : 
245 2 |b A pathophysiologic approach 
245 0 |c Joseph T. Dipiro ... [ et al. ] 
260 |a New York 
260 |b McGraw-Hill 
260 |c 2005 
650 |a Chemotherapy,Physiology, pathological,Drug therapy 
904 |i Giang 
980 |a Trung tâm Học liệu Trường Đại học Cần Thơ